000 01303nam0a2200349 4500
001 RU\NLR\bibl\1524752
005 20260405142233.0
010 _a978-5-8138-0976-7
_913000
021 _aRU
_b2010-36738
_92459
035 _a(nilc)RSL-KNO-004646399
035 _a(NLR Aleph) 001516102
090 _a110980
_c110980
100 _a20100519d2010 |||y0rusy50 ca
101 0 _arus
102 _aRU
105 _aa zzzz|||||
200 1 _aСказки малютки
_e[для дошкольного и младшего школьного возраста]
_fТатьяна Комзалова
_g[худож.: А. Михайлова]
210 _aСмоленск
_cРусич
_d2010
215 _a44, [3] с.
_cцв. ил.
_d16
225 1 _aДля самых маленьких
610 0 _aДетская литература
686 _aШ9(2)6=Р70-2
_2rubbk
700 1 _4070
_8rus
_7ca
_aКомзалова
_bТ. А.
_gТатьяна Александровна
_3RU\NLR\auth\7758202
_941134
702 1 _4040
_8rus
_7ca
_aМихайлова
_bА.
_cхудожник
_3RU\NLR\AUTH\7758200
_941132
801 0 _aRU
_bРГБ
_c20100519
_gRCR
801 1 _aRU
_bРГБ
_c20100519
801 2 _aRU
_bNLR
_c20100618
_grcr
942 _cBOOK
980 _aNB
980 _aNBR